| 000 | 00425nam a2200169Ia 4500 | ||
|---|---|---|---|
| 008 | 230524s9999 xx 000 0 und d | ||
| 082 |
_a621.382 _bGUP |
||
| 100 | _aSanjeeva Gupta | ||
| 245 | 0 | _aMicrowave Engineering (5th ed) | |
| 250 | _a5TH | ||
| 260 |
_aNEW DELHI _bKhanna _c2005 |
||
| 300 | _a303 | ||
| 500 | _aQuantity Number: 4 | ||
| 650 | _aElectronics | ||
| 700 | _a" Dinesh Arora , J.B.Sarna,,," | ||
| 942 | _cBK | ||
| 999 |
_c16862 _d16862 |
||